| 000 | 00526ntaaa2200205 4500 | ||
|---|---|---|---|
| 003 | 01 | ||
| 005 | 20251027201716.0 | ||
| 008 | 0714s1973 ag 01 | ||
| 040 |
_aAR-BaBN _bspa _cAR-BaBN _eaacr _dRIC |
||
| 082 | _a234.0000 J58 | ||
| 100 |
_aJocz, Jakob _915653 |
||
| 245 | _aTheology of election | ||
| 250 | _a1 ed. | ||
| 260 |
_aSPCK : _bLondon, _cc1958 |
||
| 300 | _aviii, 227 p | ||
| 650 |
_apredestinación-teología _915654 |
||
| 650 |
_ateología-elección _99469 |
||
| 650 |
_aelección-teología _95728 |
||
| 942 | _cBK | ||
| 999 |
_c11750 _d11750 |
||